[Event "Lipetsk Region-ch"]
[Site "Lipetsk"]
[Date "2010.03.28"]
[Round "7"]
[White "Torshin, Aleksey"]
[Black "Zvezdov, Nikolay S"]
[Result "1/2-1/2"]
[WhiteElo "2196"]
[BlackElo "2159"]
[PlyCount "65"]
[EventDate "2010.03.22"]
[EventType "swiss"]
[EventRounds "9"]
[EventCountry "RUS"]
[SourceTitle "EXT 2011"]
[Source "ChessBase"]
[SourceDate "2010.11.26"]
[SourceVersion "1"]
[SourceVersionDate "2010.11.26"]
[SourceQuality "1"]

1. e4 c5 2. Nf3 d6 3. d4 cxd4 4. Nxd4 Nf6 5. Nc3 e5 6. Bb5+ Nbd7 7. Nf5 a6 8. Bxd7+ Qxd7 9. Bg5 Nxe4 10. Nxg7+ Bxg7 11. Nxe4 d5 12. Nf6+ Bxf6 13. Bxf6 Rg8 14. Qh5 Rxg2 15. Qxe5+ Qe6 16. Qxe6+ fxe6 17. Be5 Rg6 18. 0-0-0 Bd7 19. Rhg1 Kf7 20. Rxg6 hxg6 21. Rd4 g5 22. Rg4 Rg8 23. h4 gxh4 24. Rxh4 Rg1+ 25. Kd2 Kg6 26. Rf4 Rg5 27. Rf6+ Kh5 28. Bf4 Rg6 29. Rxg6 Kxg6 30. Be5 Kf5 31. f4 Ke4 32. Kc3 Bc6 33. Kb4 1/2-1/2

[Event "Lipetsk Region-ch"]
[Site "Lipetsk"]
[Date "2010.03.27"]
[Round "6"]
[White "Zvezdov, Nikolay S"]
[Black "Nikiforov, Vladimir"]
[Result "1/2-1/2"]
[WhiteElo "2159"]
[BlackElo "2267"]
[PlyCount "63"]
[EventDate "2010.03.22"]
[EventType "swiss"]
[EventRounds "9"]
[EventCountry "RUS"]
[SourceTitle "EXT 2011"]
[Source "ChessBase"]
[SourceDate "2010.11.26"]
[SourceVersion "1"]
[SourceVersionDate "2010.11.26"]
[SourceQuality "1"]

1. d4 f5 2. Nf3 Nf6 3. g3 g6 4. Bg2 Bg7 5. 0-0 0-0 6. c4 d6 7. Nc3 a5 8. d5 Na6 9. Be3 Bd7 10. Qd2 Nc5 11. Ng5 Rb8 12. f3 c6 13. Bxc5 dxc5 14. e4 h6 15. Nh3 cxd5 16. cxd5 fxe4 17. fxe4 Ng4 18. Rxf8+ Qxf8 19. Rf1 Qc8 20. Ne2 g5 21. Nf2 a4 22. Nxg4 Bxg4 23. Qc2 Qc7 24. Nc1 a3 25. bxa3 c4 26. e5 Qxe5 27. Qxc4 Qd4+ 28. Qxd4 Bxd4+ 29. Kh1 Ra8 30. d6 exd6 31. Bxb7 Rxa3 32. Bd5+ 1/2-1/2

[Event "Lipetsk Region-ch"]
[Site "Lipetsk"]
[Date "2010.03.23"]
[Round "2"]
[White "Zvezdov, Nikolay S"]
[Black "Yarovoy, I."]
[Result "1-0"]
[WhiteElo "2159"]
[BlackElo "2109"]
[PlyCount "55"]
[EventDate "2010.03.22"]
[EventType "swiss"]
[EventRounds "9"]
[EventCountry "RUS"]
[SourceTitle "EXT 2011"]
[Source "ChessBase"]
[SourceDate "2010.11.26"]
[SourceVersion "1"]
[SourceVersionDate "2010.11.26"]
[SourceQuality "1"]

1. d4 d6 2. Nf3 Nd7 3. Bf4 Ngf6 4. c4 c5 5. d5 g6 6. Nc3 Bg7 7. Qd2 0-0 8. Bh6 Ng4 9. Bxg7 Kxg7 10. e4 Nh6 11. h4 Nf6 12. h5 Rh8 13. Bd3 Bg4 14. e5 dxe5 15. Nxe5 Qc7 16. Qf4 Nxh5 17. Qh2 Bf5 18. Bxf5 Nxf5 19. g4 Nd4 20. 0-0-0 Nf6 21. Qh6+ Kg8 22. f4 Qc8 23. f5 Qf8 24. fxg6 Qxh6+ 25. Rxh6 fxg6 26. Rf1 Rf8 27. g5 Nh5 28. Rxf8+ 1-0

[Event "Lipetsk Region-ch Seniors"]
[Site "Lipetsk"]
[Date "2010.03.19"]
[Round "7"]
[White "Zvezdov, Nikolay S"]
[Black "Degtiarev, Mikhail"]
[Result "1-0"]
[WhiteElo "2159"]
[BlackElo "1733"]
[PlyCount "85"]
[EventDate "2010.03.05"]
[EventType "swiss"]
[EventRounds "9"]
[EventCountry "RUS"]
[SourceTitle "EXT 2023"]
[Source "ChessBase"]
[SourceDate "2022.10.05"]
[SourceVersion "1"]
[SourceVersionDate "2022.10.05"]
[SourceQuality "1"]

1. d4 e6 2. c4 b6 3. Nc3 Bb7 4. e4 Bb4 5. Bd3 h6 6. Nf3 Nf6 7. e5 Ng8 8. 0-0 Bxc3 9. bxc3 Ne7 10. a4 Nbc6 11. Ba3 Na5 12. Bb4 Nac6 13. a5 bxa5 14. Bxe7 Nxe7 15. Rxa5 a6 16. Nd2 0-0 17. Be4 Bxe4 18. Nxe4 Nc6 19. Rc5 Ne7 20. Qa4 Nf5 21. Ra5 Qc8 22. Ra1 Qb7 23. Nc5 Qb2 24. Qb3 Qe2 25. R5a2 Qg4 26. Qd1 Qg5 27. Nxd7 Rfd8 28. Nc5 Nh4 29. g3 Ng6 30. Qf3 h5 31. Ne4 Qh6 32. Qe3 Qh8 33. h4 Ne7 34. Rxa6 Rab8 35. Qg5 Kf8 36. Ra7 Rdc8 37. Nc5 Ke8 38. Na6 f6 39. exf6 gxf6 40. Qe3 Rb6 41. Nxc7+ Kf7 42. d5 e5 43. Qxb6 1-0

[Event "Lipetsk King's Gambit op 3rd"]
[Site "Lipetsk"]
[Date "2009.06.30"]
[Round "8"]
[White "Zvezdov, Nikolay S"]
[Black "Rudakov, Aleksander"]
[Result "0-1"]
[WhiteElo "2174"]
[BlackElo "1945"]
[PlyCount "108"]
[EventDate "2009.06.23"]
[EventType "swiss"]
[EventRounds "9"]
[EventCountry "RUS"]
[SourceTitle "EXT 2022"]
[Source "ChessBase"]
[SourceDate "2021.10.06"]
[SourceVersion "1"]
[SourceVersionDate "2021.10.06"]
[SourceQuality "1"]

1. d4 Nf6 2. c4 c5 3. d5 e6 4. Nc3 exd5 5. cxd5 d6 6. e4 g6 7. Be2 Bg7 8. Nf3 0-0 9. 0-0 a6 10. a4 Re8 11. Nd2 Nbd7 12. f4 Qc7 13. Bf3 Rb8 14. Nc4 b5 15. axb5 axb5 16. Na5 b4 17. Ne2 Ra8 18. e5 Rxa5 19. Rxa5 Qxa5 20. exf6 Nxf6 21. Re1 Ng4 22. h3 Ne3 23. Bxe3 Rxe3 24. Kf2 Re8 25. b3 Ba6 26. Qc2 Qd8 27. g3 Qe7 28. Qd2 f5 29. h4 h5 30. Rc1 Bxe2 31. Qxe2 Bd4+ 32. Kf1 Qxe2+ 33. Bxe2 Re3 34. Bc4 Rxg3 35. Re1 Be3 36. Ke2 Bxf4 37. Kf2 Rg4 38. Re6 Kf7 39. Bb5 Be5 40. Be8+ Kg7 41. Re7+ Kf8 42. Re6 g5 43. hxg5 Rxg5 44. Bb5 h4 45. Rh6 Bg3+ 46. Kf3 Kg7 47. Re6 h3 48. Bf1 h2 49. Bg2 Be5 50. Re7+ Kg8 51. Kf2 Rg4 52. Re8+ Kf7 53. Re6 Rd4 54. Rh6 Rd3 0-1

[Event "Lipetsk-ch"]
[Site "Lipetsk"]
[Date "2009.05.31"]
[Round "6"]
[White "Zvezdov, Nikolay S"]
[Black "Ruchkin, Ivan"]
[Result "1-0"]
[WhiteElo "2174"]
[BlackElo "2149"]
[PlyCount "31"]
[EventDate "2009.05.22"]
[EventType "swiss"]
[EventRounds "9"]
[EventCountry "RUS"]
[SourceTitle "EXT 2022"]
[Source "ChessBase"]
[SourceDate "2021.10.06"]
[SourceVersion "1"]
[SourceVersionDate "2021.10.06"]
[SourceQuality "1"]

1. d4 Nf6 2. c4 g6 3. Nc3 Bg7 4. e4 d6 5. Be2 0-0 6. Be3 Nbd7 7. f4 c6 8. e5 Ne8 9. Nf3 e6 10. h4 Qa5 11. h5 c5 12. a3 a6 13. hxg6 cxd4 14. gxf7+ Rxf7 15. b4 Qc7 16. Nxd4 1-0

[Event "Lipetsk-ch"]
[Site "Lipetsk"]
[Date "2009.05.22"]
[Round "1"]
[White "Sokolov, Yury"]
[Black "Zvezdov, Nikolay S"]
[Result "0-1"]
[WhiteElo "1986"]
[BlackElo "2174"]
[PlyCount "72"]
[EventDate "2009.05.22"]
[EventType "swiss"]
[EventRounds "9"]
[EventCountry "RUS"]
[SourceTitle "EXT 2022"]
[Source "ChessBase"]
[SourceDate "2021.10.06"]
[SourceVersion "1"]
[SourceVersionDate "2021.10.06"]
[SourceQuality "1"]

1. Nf3 c5 2. e4 d6 3. d4 cxd4 4. Nxd4 Nf6 5. Nc3 a6 6. Be2 e5 7. Nb3 Be6 8. 0-0 d5 9. Bg5 d4 10. Nb1 Nc6 11. N1d2 Rc8 12. f4 Be7 13. Rc1 h6 14. Bxf6 Bxf6 15. Bg4 Bxg4 16. Qxg4 0-0 17. a3 exf4 18. Rxf4 Ne5 19. Qf5 Rc6 20. h4 Ng6 21. Rff1 Nxh4 22. Qh3 Bg5 23. g3 Be3+ 24. Kh2 Ng6 25. Rf5 Qc7 26. c4 dxc3 27. bxc3 Rxc3 28. Re1 Bf4 29. Rg1 Rd8 30. Rg2 Rdd3 31. Kh1 Rxg3 32. Rxg3 Rxg3 33. Qf1 Qc2 34. Rc5 Qb2 35. Rc8+ Kh7 36. Rd8 Qf6 0-1

[Event "Lipetsk Region-ch Seniors"]
[Site "Lipetsk"]
[Date "2008.04.02"]
[Round "9"]
[White "Degtiarev, Viktor"]
[Black "Zvezdov, Nikolay S"]
[Result "1/2-1/2"]
[WhiteElo "1889"]
[BlackElo "2103"]
[PlyCount "21"]
[EventDate "2008.03.29"]
[EventType "swiss"]
[EventRounds "9"]
[EventCountry "RUS"]
[SourceTitle "EXT 2022"]
[Source "ChessBase"]
[SourceDate "2021.10.06"]
[SourceVersion "1"]
[SourceVersionDate "2021.10.06"]
[SourceQuality "1"]

1. e4 c6 2. d4 d5 3. Nc3 dxe4 4. Nxe4 Nd7 5. Nf3 Ngf6 6. Nxf6+ Nxf6 7. Be2 Bg4 8. 0-0 e6 9. c3 Be7 10. Nd2 Bxe2 11. Qxe2 1/2-1/2

[Event "Lipetsk Region-ch Seniors"]
[Site "Lipetsk"]
[Date "2008.03.30"]
[Round "4"]
[White "Shishkin, Lev"]
[Black "Zvezdov, Nikolay S"]
[Result "0-1"]
[WhiteElo "2088"]
[BlackElo "2103"]
[PlyCount "92"]
[EventDate "2008.03.29"]
[EventType "swiss"]
[EventRounds "9"]
[EventCountry "RUS"]
[SourceTitle "EXT 2022"]
[Source "ChessBase"]
[SourceDate "2021.10.06"]
[SourceVersion "1"]
[SourceVersionDate "2021.10.06"]
[SourceQuality "1"]

1. c4 c5 2. Nf3 g6 3. d4 Bg7 4. Nc3 Nf6 5. e4 cxd4 6. Nxd4 d6 7. Be2 Nc6 8. Be3 a6 9. 0-0 Bd7 10. Rc1 0-0 11. h3 Nxd4 12. Bxd4 Bc6 13. Re1 Bh6 14. Bxf6 Bxc1 15. Qxc1 exf6 16. Qf4 Qe7 17. Rd1 Rad8 18. Nd5 Bxd5 19. Rxd5 Rfe8 20. Bf3 Kg7 21. h4 h6 22. g3 Rc8 23. b3 Red8 24. Qd2 Rc5 25. Rd4 a5 26. Be2 f5 27. Bf3 b6 28. a3 fxe4 29. Bxe4 Re5 30. Qd3 h5 31. f4 Re6 32. Kf2 Re8 33. Bf3 Re3 34. Qd1 Re1 35. Qd2 Qe3+ 36. Qxe3 R1xe3 37. Bd1 R8e6 38. Rd5 a4 39. bxa4 Rxa3 40. Rb5 Rd3 41. Bf3 Ree3 42. Bd5 Rb3 43. Rxb6 Rxb6 44. Kxe3 Ra6 45. Bb7 Rxa4 46. Kd4 Kf6 0-1

[Event "Lipetsk Region-ch"]
[Site "Lipetsk"]
[Date "2007.11.24"]
[Round "8"]
[White "Zvezdov, Nikolay S"]
[Black "Smolyaninov, Sergej"]
[Result "1-0"]
[WhiteElo "2111"]
[BlackElo "1991"]
[PlyCount "65"]
[EventDate "2007.11.18"]
[EventType "swiss"]
[EventRounds "9"]
[EventCountry "RUS"]
[SourceTitle "CBM 121 Extra"]
[Source "ChessBase"]
[SourceDate "2008.01.10"]
[SourceVersion "1"]
[SourceVersionDate "2008.01.10"]
[SourceQuality "1"]

1. d4 Nf6 2. c4 e6 3. Nf3 Bb4+ 4. Bd2 Qe7 5. g3 Bxd2+ 6. Qxd2 0-0 7. Nc3 d6 8. Bg2 e5 9. e4 Re8 10. 0-0 Nbd7 11. Rae1 Nf8 12. Nd5 Nxd5 13. exd5 f6 14. b4 Bd7 15. dxe5 fxe5 16. Ng5 h6 17. Ne4 Nh7 18. f4 Kh8 19. fxe5 dxe5 20. d6 cxd6 21. Nxd6 Rf8 22. Bxb7 Rab8 23. c5 Ng5 24. h4 Nh3+ 25. Kh2 Qe6 26. Bg2 g5 27. Bd5 Qg4 28. Nf7+ Rxf7 29. Rxf7 Nf4 30. gxf4 Qxh4+ 31. Kg1 Qg3+ 32. Bg2 Bc6 33. Qf2 1-0

[Event "Lipetsk Region-ch"]
[Site "Lipetsk"]
[Date "2007.11.23"]
[Round "7"]
[White "Filin, Alexander"]
[Black "Zvezdov, Nikolay S"]
[Result "1-0"]
[WhiteElo "2191"]
[BlackElo "2111"]
[PlyCount "117"]
[EventDate "2007.11.18"]
[EventType "swiss"]
[EventRounds "9"]
[EventCountry "RUS"]
[SourceTitle "CBM 121 Extra"]
[Source "ChessBase"]
[SourceDate "2008.01.10"]
[SourceVersion "1"]
[SourceVersionDate "2008.01.10"]
[SourceQuality "1"]

1. c4 e6 2. e4 d5 3. Nc3 dxe4 4. Nxe4 c5 5. Nf3 Nc6 6. d3 Nf6 7. Be3 b6 8. Qa4 Bd7 9. a3 Be7 10. Qc2 Nxe4 11. dxe4 e5 12. Qc3 Qc7 13. Bd3 Bg4 14. Nd2 Rd8 15. f3 Be6 16. 0-0 Qd7 17. Bc2 Nd4 18. Rfe1 h6 19. Rad1 Bg5 20. Nf1 0-0 21. Bxg5 hxg5 22. Ne3 g4 23. fxg4 Bxg4 24. Rd2 f6 25. Kh1 g6 26. b4 Rc8 27. Bb1 Be6 28. Ba2 Qh7 29. Qd3 Kg7 30. Rf2 Rf7 31. Nd5 Qh4 32. Kg1 Rh8 33. h3 Rh5 34. Ref1 Rg5 35. Kh2 f5 36. exf5 Bxf5 37. Qe3 e4 38. Rf4 Qh5 39. bxc5 bxc5 40. Bb1 Rb7 41. Bxe4 Rb3 42. Nc3 Be6 43. Bf3 Re5 44. Re4 Rxe4 45. Qxe4 Qf5 46. Qe1 Qg5 47. Bd5 Rb2 48. h4 Qg4 49. Qe5+ Kh7 50. Rf4 Qh5 51. Qc7+ Kh6 52. Qd6 Bxd5 53. cxd5 Nf3+ 54. Kg3 Ne5 55. Qf8+ Kh7 56. Ne4 Rb3+ 57. Kh2 Nf3+ 58. gxf3 Rb6 59. Ng5+ 1-0

[Event "Lipetsk Region-ch"]
[Site "Lipetsk"]
[Date "2007.11.21"]
[Round "5"]
[White "Kurbatov, Andrei"]
[Black "Zvezdov, Nikolay S"]
[Result "0-1"]
[WhiteElo "2130"]
[BlackElo "2111"]
[PlyCount "80"]
[EventDate "2007.11.18"]
[EventType "swiss"]
[EventRounds "9"]
[EventCountry "RUS"]
[SourceTitle "CBM 121 Extra"]
[Source "ChessBase"]
[SourceDate "2008.01.10"]
[SourceVersion "1"]
[SourceVersionDate "2008.01.10"]
[SourceQuality "1"]

1. d4 c5 2. d5 e5 3. e4 d6 4. Nc3 Ne7 5. Bb5+ Nd7 6. Bg5 a6 7. Be2 b5 8. Nf3 h6 9. Be3 g6 10. Nd2 f5 11. exf5 Nxf5 12. 0-0 Be7 13. Bh5 Kf7 14. Nde4 b4 15. Na4 Nf6 16. Bf3 Kg7 17. Naxc5 Nxe3 18. fxe3 dxc5 19. d6 Bf5 20. Nxf6 Bxf6 21. Bxa8 Qxa8 22. Qe2 h5 23. Rad1 Rd8 24. Qc4 Qc6 25. e4 Qxe4 26. Qxc5 Kh6 27. d7 Qxc2 28. Qxb4 Bg5 29. Rde1 Qc7 30. h4 Bf4 31. Kh1 Qxd7 32. Rxf4 exf4 33. Qxf4+ Kh7 34. Qb4 Re8 35. Rc1 Be4 36. Kg1 Qe7 37. Qa4 Qa7+ 38. Kh2 Qb8+ 39. Kg1 Qb6+ 40. Kh2 Qf2 0-1

[Event "Lipetsk Region-ch"]
[Site "Lipetsk"]
[Date "2007.11.20"]
[Round "4"]
[White "Zvezdov, Nikolay S"]
[Black "Semenkov, Aleksander"]
[Result "1/2-1/2"]
[WhiteElo "2111"]
[BlackElo "2072"]
[PlyCount "64"]
[EventDate "2007.11.18"]
[EventType "swiss"]
[EventRounds "9"]
[EventCountry "RUS"]
[SourceTitle "CBM 121 Extra"]
[Source "ChessBase"]
[SourceDate "2008.01.10"]
[SourceVersion "1"]
[SourceVersionDate "2008.01.10"]
[SourceQuality "1"]

1. d4 d5 2. Nf3 Nf6 3. c4 dxc4 4. e3 e6 5. Bxc4 c5 6. Nc3 cxd4 7. exd4 Be7 8. 0-0 0-0 9. Qe2 Nc6 10. Rd1 Nb4 11. Bg5 a6 12. Bxf6 Bxf6 13. Qe4 Qc7 14. Bb3 Bd7 15. Ne5 Bc6 16. Nxc6 bxc6 17. Rac1 Bg5 18. Rb1 Rad8 19. h4 Bf6 20. g3 c5 21. d5 exd5 22. Nxd5 Nxd5 23. Bxd5 Bd4 24. Kg2 Qe5 25. Qxe5 Bxe5 26. b3 g6 27. Rd3 Bg7 28. Rc1 Bd4 29. Bb7 a5 30. Rc4 Rb8 31. Bc6 Rb6 32. Ba4 Rfb8 1/2-1/2

[Event "Lipetsk King's Gambit op-C"]
[Site "Lipetsk"]
[Date "2007.06.26"]
[Round "5"]
[White "Zvezdov, Nikolay S"]
[Black "Morev, Ivan"]
[Result "0-1"]
[WhiteElo "2142"]
[BlackElo "2192"]
[PlyCount "94"]
[EventDate "2007.06.22"]
[EventType "swiss"]
[EventRounds "9"]
[EventCountry "RUS"]
[SourceTitle "EXT 2022"]
[Source "ChessBase"]
[SourceDate "2021.10.06"]
[SourceVersion "1"]
[SourceVersionDate "2021.10.06"]
[SourceQuality "1"]

1. d4 g6 2. Nf3 Bg7 3. Bf4 Nf6 4. h3 d6 5. e3 b6 6. Nbd2 Bb7 7. c3 Nbd7 8. Bc4 h6 9. Qb3 e6 10. 0-0 Qe7 11. a4 a5 12. Bh2 g5 13. Rfe1 g4 14. hxg4 Nxg4 15. e4 Nxh2 16. Kxh2 h5 17. d5 e5 18. Bb5 0-0-0 19. Qc4 Bh6 20. b4 Rhg8 21. Qf1 Rg4 22. Nc4 Rdg8 23. Ne3 Bxe3 24. Bxd7+ Qxd7 25. Rxe3 f5 26. Ne1 fxe4 27. bxa5 bxa5 28. c4 Ba6 29. Qe2 Qg7 30. g3 h4 31. Raa3 Qh6 32. Kg2 Qh5 33. Rxe4 hxg3 34. fxg3 Qf5 35. Rae3 R8g5 36. Nc2 Qg6 37. Rxg4 Rxg4 38. Na3 Rg5 39. Nb5 Bxb5 40. axb5 Rh5 41. Re4 Qh6 42. Qg4+ Kb7 43. Qd7 Qd2+ 44. Kf3 Qd1+ 45. Re2 e4+ 46. Ke3 Qd3+ 47. Kf4 Qf3# 0-1

[Event "Lipetsk King's Gambit op-C"]
[Site "Lipetsk"]
[Date "2007.06.24"]
[Round "3"]
[White "Zvezdov, Nikolay S"]
[Black "Geranichev, Mikhail"]
[Result "1-0"]
[WhiteElo "2142"]
[BlackElo "1647"]
[PlyCount "109"]
[EventDate "2007.06.22"]
[EventType "swiss"]
[EventRounds "9"]
[EventCountry "RUS"]
[SourceTitle "EXT 2022"]
[Source "ChessBase"]
[SourceDate "2021.10.06"]
[SourceVersion "1"]
[SourceVersionDate "2021.10.06"]
[SourceQuality "1"]

1. d4 Nf6 2. Nf3 g6 3. Bf4 Bg7 4. h3 d6 5. e3 0-0 6. Nbd2 b6 7. c3 Bb7 8. a4 Nbd7 9. Bc4 c5 10. 0-0 Rc8 11. Qb3 d5 12. Be2 c4 13. Qa3 Re8 14. b3 Bf8 15. Qa2 cxb3 16. Qxb3 Ne4 17. Nxe4 dxe4 18. Ng5 e6 19. f3 exf3 20. Bxf3 Bxf3 21. Rxf3 Nf6 22. Nxf7 Qd5 23. Nh6+ Bxh6 24. Qxd5 exd5 25. Bxh6 Ne4 26. a5 b5 27. a6 Nd6 28. Bf4 Ne4 29. Bh6 Nd6 30. Ra5 Rxc3 31. Bf4 Rc1+ 32. Rf1 Rxf1+ 33. Kxf1 Ne4 34. Rxb5 g5 35. Rb8 Kf7 36. Rxe8 Kxe8 37. Bb8 Kd7 38. Bxa7 Kc7 39. Ke2 h5 40. Bc5 Kc6 41. Kd3 Ng3 42. Be7 g4 43. Bd8 Ne4 44. hxg4 hxg4 45. Kc2 Nd6 46. Kb3 Nc4 47. Bg5 Nd2+ 48. Kb4 Ne4 49. Bd8 Nd2 50. a7 Kb7 51. Kc5 Nc4 52. e4 Ne3 53. e5 Nxg2 54. e6 Nf4 55. e7 1-0

[Event "Lipetsk King's Gambit op-C"]
[Site "Lipetsk"]
[Date "2007.06.23"]
[Round "2"]
[White "Chaban, Alexander"]
[Black "Zvezdov, Nikolay S"]
[Result "1-0"]
[WhiteElo "2068"]
[BlackElo "2142"]
[PlyCount "73"]
[EventDate "2007.06.22"]
[EventType "swiss"]
[EventRounds "9"]
[EventCountry "RUS"]
[SourceTitle "EXT 2022"]
[Source "ChessBase"]
[SourceDate "2021.10.06"]
[SourceVersion "1"]
[SourceVersionDate "2021.10.06"]
[SourceQuality "1"]

1. Nf3 g6 2. e4 Bg7 3. c4 d6 4. d4 Nd7 5. Nc3 e5 6. Be3 Ne7 7. Be2 0-0 8. 0-0 f5 9. dxe5 dxe5 10. exf5 gxf5 11. Bg5 Bf6 12. Bxf6 Rxf6 13. Nd5 Rd6 14. Qb3 c5 15. Rad1 Nc6 16. Qe3 e4 17. Ne1 Nd4 18. f3 exf3 19. Bxf3 Re6 20. Qf2 Ne5 21. Nf4 Nexf3+ 22. Nxf3 Re4 23. Nxd4 cxd4 24. Nd5 Be6 25. Rxd4 Rxd4 26. Qxd4 b5 27. Rf3 Bxd5 28. Rg3+ Kf7 29. Qg7+ Ke8 30. cxd5 Qb6+ 31. Kh1 Rd8 32. Qe5+ Kd7 33. Rc3 Re8 34. Qxf5+ Kd6 35. Rc1 Re5 36. Qf6+ Kxd5 37. Rd1+ 1-0

[Event "Lipetsk-ch Seniors"]
[Site "Lipetsk"]
[Date "2007.02.04"]
[Round "9"]
[White "Filin, Alexander"]
[Black "Zvezdov, Nikolay S"]
[Result "1-0"]
[WhiteElo "2157"]
[BlackElo "2139"]
[PlyCount "63"]
[EventDate "2007.01.27"]
[EventType "swiss"]
[EventRounds "9"]
[EventCountry "RUS"]
[SourceTitle "EXT 2019"]
[Source "ChessBase"]
[SourceDate "2018.10.10"]
[SourceVersion "1"]
[SourceVersionDate "2018.10.10"]
[SourceQuality "1"]

1. c4 g6 2. d4 c5 3. d5 e5 4. dxe6 fxe6 5. Nc3 Nc6 6. g3 Nge7 7. Bg2 Bg7 8. h4 0-0 9. h5 Ne5 10. hxg6 hxg6 11. Bg5 Nxc4 12. Qb3 Nd6 13. 0-0-0 Nf7 14. Be3 Qc7 15. Qc4 d5 16. Qxc5 Qxc5 17. Bxc5 Re8 18. e4 b6 19. Bxe7 Rxe7 20. exd5 Bb7 21. Nge2 Rc8 22. Kb1 Rc5 23. Nf4 Bxc3 24. bxc3 exd5 25. Rhe1 Rxe1 26. Rxe1 Nd6 27. Re7 Bc6 28. Nxg6 Nb5 29. Bh3 Nxc3+ 30. Ka1 Be8 31. Be6+ Bf7 32. Rxf7 1-0

[Event "Voronezh op 8th"]
[Site "Voronezh"]
[Date "2004.06.14"]
[Round "3"]
[White "Geller, Jakov"]
[Black "Zvezdov, Nikolay S"]
[Result "1-0"]
[WhiteElo "2489"]
[BlackElo "2169"]
[PlyCount "89"]
[EventDate "2004.06.12"]
[EventType "swiss"]
[EventRounds "9"]
[EventCountry "RUS"]
[SourceTitle "EXT 2005"]
[Source "ChessBase"]
[SourceDate "2004.11.15"]
[SourceVersion "1"]
[SourceVersionDate "2004.11.15"]
[SourceQuality "1"]

1. e4 c6 2. d4 d5 3. e5 Bf5 4. c4 dxc4 5. Bxc4 e6 6. Nc3 Nd7 7. Nge2 Nb6 8. Bb3 Ne7 9. 0-0 Ned5 10. Ng3 Be7 11. Nxf5 exf5 12. Qf3 Qd7 13. Ne2 h5 14. Bc2 g6 15. a3 Nc7 16. Rd1 Nbd5 17. Bd2 Ne6 18. b4 a6 19. Rab1 Bg5 20. Bb3 Bxd2 21. Rxd2 Rd8 22. Rc1 Qe7 23. Bxd5 Rxd5 24. Rcd1 Rd8 25. Nc3 Nc7 26. d5 cxd5 27. Nxd5 Nxd5 28. Rxd5 0-0 29. Rd6 Rde8 30. g3 a5 31. Qd5 axb4 32. Rxg6+ Kh7 33. Rf6 Rd8 34. Qf3 Rxd1+ 35. Qxd1 Ra8 36. Qxh5+ Kg8 37. axb4 b5 38. Qg5+ Kf8 39. Qxf5 Qb7 40. Qf3 Qxf3 41. Rxf3 Ra1+ 42. Kg2 Ke7 43. Rd3 Ke6 44. Rd6+ Kxe5 45. Rb6 1-0

[Event "RUS-ch Seniors"]
[Site "Tula"]
[Date "2004.05.18"]
[Round "9"]
[White "Zvezdov, Nikolay S"]
[Black "Zilbert, Oleg"]
[Result "0-1"]
[WhiteElo "2169"]
[BlackElo "2387"]
[PlyCount "90"]
[EventDate "2004.05.??"]
[EventType "swiss"]
[EventRounds "9"]
[EventCountry "RUS"]
[SourceTitle "EXT 2005"]
[Source "ChessBase"]
[SourceDate "2004.11.15"]
[SourceVersion "1"]
[SourceVersionDate "2004.11.15"]
[SourceQuality "1"]

1. d4 d5 2. Nf3 c6 3. Bf4 Qb6 4. Qc1 Bf5 5. e3 e6 6. Nbd2 Nf6 7. Bd3 Bg6 8. Ne5 Nh5 9. Nxg6 hxg6 10. Bxb8 Rxb8 11. 0-0 c5 12. Nf3 Bd6 13. dxc5 Bxc5 14. c4 Nf6 15. h3 Ke7 16. Rb1 dxc4 17. Qxc4 Rhd8 18. Rfd1 Rbc8 19. Qb5 a6 20. Qxb6 Bxb6 21. Kf1 Rc5 22. Ke2 Rdc8 23. Nd2 Nd5 24. Nb3 R5c7 25. Rbc1 Nb4 26. Rxc7+ Rxc7 27. Bb1 f5 28. Rc1 Rxc1 29. Nxc1 g5 30. Nd3 Nc6 31. g3 Kf6 32. f4 gxf4 33. gxf4 g5 34. Bc2 gxf4 35. Nxf4 Bc7 36. Nd3 Bd6 37. Kf2 e5 38. Bb3 e4 39. Ne1 Be5 40. Bd5 Bxb2 41. Nc2 Ke5 42. Bxc6 bxc6 43. Nb4 c5 44. Nxa6 Kd6 45. h4 Be5 0-1

[Event "RUS-ch Seniors"]
[Site "Tula"]
[Date "2004.05.17"]
[Round "8"]
[White "Sorokin, Valentin"]
[Black "Zvezdov, Nikolay S"]
[Result "1-0"]
[WhiteElo "2394"]
[BlackElo "2169"]
[PlyCount "69"]
[EventDate "2004.05.??"]
[EventType "swiss"]
[EventRounds "9"]
[EventCountry "RUS"]
[SourceTitle "EXT 2005"]
[Source "ChessBase"]
[SourceDate "2004.11.15"]
[SourceVersion "1"]
[SourceVersionDate "2004.11.15"]
[SourceQuality "1"]

1. e4 c6 2. c4 d5 3. exd5 cxd5 4. cxd5 Nf6 5. Nc3 Nxd5 6. Nf3 e6 7. d4 Be7 8. Bd3 Nc6 9. 0-0 0-0 10. Re1 Bf6 11. a3 Nde7 12. Be3 Qd6 13. Ne4 Qd7 14. Nxf6+ gxf6 15. Bh6 Rd8 16. Qc2 Ng6 17. Rad1 b6 18. h4 Bb7 19. h5 Nf8 20. d5 exd5 21. Bf5 Qd6 22. Nd4 Re8 23. Qc3 Nxd4 24. Qxd4 Ng6 25. hxg6 hxg6 26. Qg4 Kh8 27. Bf4 Qf8 28. Qh4+ Kg8 29. Qxf6 Qg7 30. Qxg7+ Kxg7 31. Bg4 Kf6 32. Bf3 Kf5 33. Bd2 g5 34. g4+ Kg6 35. Bc3 1-0

[Event "RUS-ch Seniors"]
[Site "Tula"]
[Date "2004.05.16"]
[Round "7"]
[White "Zvezdov, Nikolay S"]
[Black "Leonidov, Vitaly F"]
[Result "1-0"]
[WhiteElo "2169"]
[BlackElo "2410"]
[PlyCount "133"]
[EventDate "2004.05.??"]
[EventType "swiss"]
[EventRounds "9"]
[EventCountry "RUS"]
[SourceTitle "EXT 2005"]
[Source "ChessBase"]
[SourceDate "2004.11.15"]
[SourceVersion "1"]
[SourceVersionDate "2004.11.15"]
[SourceQuality "1"]

1. d4 f5 2. c4 e6 3. g3 Nf6 4. Bg2 Be7 5. Nf3 d6 6. 0-0 0-0 7. Nc3 a5 8. Rb1 Qe8 9. b3 h6 10. Qc2 Nc6 11. Nb5 Bd8 12. Ba3 Nb4 13. Qb2 Bd7 14. Nc3 Bc6 15. Rbd1 Ne4 16. Nxe4 Bxe4 17. Ne1 Bxg2 18. Nxg2 Bf6 19. Qd2 b6 20. Rfe1 d5 21. e3 Be7 22. Re2 dxc4 23. bxc4 Qa4 24. Bxb4 Bxb4 25. Qd3 Rad8 26. Nf4 Rfe8 27. Qb3 Qxb3 28. axb3 g5 29. Nd3 Bf8 30. Red2 Ra8 31. Ra2 Red8 32. Rad2 Be7 33. Kf1 b5 34. Ra2 bxc4 35. bxc4 c5 36. Ne5 Ra6 37. Ke2 a4 38. dxc5 Rxd1 39. Kxd1 Bxc5 40. Kc2 Bd6 41. Nd3 Kf8 42. Kc3 Ra5 43. Nb2 a3 44. Nd3 e5 45. Kb3 Ra7 46. f3 e4 47. fxe4 fxe4 48. Nf2 Re7 49. Nd1 Bc5 50. Nc3 Bxe3 51. Rxa3 Bd4 52. Ra2 Kf7 53. Re2 Bxc3 54. Kxc3 Kf6 55. Kd4 Rd7+ 56. Kxe4 Rd1 57. Rc2 Ke6 58. c5 Re1+ 59. Kd4 Kd7 60. Rf2 Rc1 61. Kd5 Rd1+ 62. Ke5 Re1+ 63. Kf5 Kc6 64. Kg6 Re5 65. Kxh6 Kxc5 66. Kg6 g4 67. Rf5 1-0